مسألة الحدود المغربية الجزائرية والمشكلة الصحراوية / (Record no. 14440)
[ view plain ]
| 000 -الفاتح | |
|---|---|
| حقل البيانات ثابتة الطول | 00926nam a22001817a 4500 |
| 008 - عناصر البيانات ثابتة الطول - معلومات عامة | |
| حقل البيانات ثابتة الطول | 100708s1981 ua|||||r|||| 000 0 ara d |
| 082 ## - رقم تصنيف ديوى العشرى | |
| رقم الطبعة | 22 |
| رقم المادة | ي ح ي |
| رقم التصنيف | 320.120964265 |
| 100 ## - المدخل الرئيسى - إسم شخصى | |
| 9 (RLIN) | 16069 |
| الإسم الشخصى | يحيي ،جلال |
| 245 ## - بيان العنوان | |
| العنوان | مسألة الحدود المغربية الجزائرية والمشكلة الصحراوية / |
| بيان المسئوليه,etc | جلال يحيي، محمد نصر مهنا ،سوسن سليم |
| 260 ## - PUBLICATION, DISTRIBUTION, ETC. (IMPRINT) | |
| مكان الناشر او الموزع | [الإسكندرية]: |
| اسم الناشر او الموزع | 1981 ،دار المعارف |
| تاريخ النشر أو التوزيع | 1981 |
| 300 ## - الوصف المادى | |
| التعداد | 673ص؛ |
| أبعاد الوعاء | 23سم |
| 541 ## - تبصرة المصدر المباشر للتزويد | |
| مصدر التزويد | ألف باء ؛ |
| طريقة التزويد | شراء ؛ |
| 651 ## - المدخل الاضافى بالموضوع - اسم جغرافى | |
| 9 (RLIN) | 16284 |
| الاسم الجغرافي | المغرب |
| التقسيم الفرعي العام | الحدود السياسية -- |
| التقسيم الفرعي الجغرافي | الجزائر |
| 700 ## - المدخل الاضافى - اسم شخصى | |
| 9 (RLIN) | 16073 |
| الإسم الشخصى | مهنا، محمد نصر |
| 700 ## - المدخل الاضافى - اسم شخصى | |
| 9 (RLIN) | 16074 |
| الإسم الشخصى | سليم، سوسن |
| 942 ## - عناصر المدخل الإضافي( كوها) | |
| مصدر التصنيف او مخطط الترفيف | Dewey Decimal Classification |
| Koha [default] item type | Book - Borrowing |
| حالة التراجع | حالة الفقد | مصدر التصنيف او خطة الترفيف | حالة تلف | ليس للاعارة | مجموعات كوها | المكان الدائم | المكان الحالي | موقع الترفيف | تاريخ الاكتساب | Source of acquisition | رقم الاستدعاء | الباركود | Date last seen | نوع الوعاء |
|---|---|---|---|---|---|---|---|---|---|---|---|---|---|---|
| Dewey Decimal Classification | Alef-Baa | Central Library | Central Library | First floor | 08/07/2010 | 320.120964265 يحي | 000025032 | 15/07/2025 | Book - Borrowing |